Iglesias del fin del mundo
Uloženo v:
| Hlavní autoři: | , , |
|---|---|
| Médium: | Kniha |
| Jazyk: | španělština angličtina |
| Vydáno: |
Santiago
Max Donoso Saint
2006
|
| Témata: | |
| Tagy: |
Přidat tag
Žádné tagy, Buďte první, kdo vytvoří štítek k tomuto záznamu!
|
MARC
| LEADER | 00000cam a2200000 a 4500 | ||
|---|---|---|---|
| 001 | UCF6443 | ||
| 003 | CL-VaPUC | ||
| 008 | 130425e20061200CL |||||||||||||||||spa|d | ||
| 020 | |a 9563103793 | ||
| 041 | 0 | 7 | |a spa |2 CL-VaPUC |
| 041 | 0 | 7 | |a eng |2 CL-VaPUC |
| 082 | 0 | 4 | |a 726.70983 |b DON |2 21 |
| 100 | 0 | |a Donoso Saint, Max |e author |9 568414 | |
| 700 | 0 | |a Pereira Campos, Magdalena |e author |9 568415 | |
| 700 | 0 | |a Heisen Planella, Cristián |e author |9 568416 | |
| 245 | 1 | 0 | |a Iglesias del fin del mundo |
| 300 | |a 227 p | ||
| 942 | |c BK | ||
| 945 | |d 20130425 00:00:00 |a dcastane | ||
| 260 | |a Santiago |b Max Donoso Saint |c 2006 | ||
| 650 | 7 | |a IGLESIAS CATOLICAS |2 CL-VaPUC |9 265207 | |
| 650 | 7 | |a IGLESIAS COLONIALES |2 CL-VaPUC |9 563249 | |
| 650 | 0 | |a Iglesias cristianas |9 389221 | |
| 650 | 0 | |a Edificios religiosos |9 335394 | |
| 583 | |a last modification |c 20130425 11:23:00 |k Rodrigo Vera | ||
| 999 | |c 351633 |d 351631 | ||
| 952 | |0 0 |1 0 |4 0 |6 726_709830000000000_DON_2006 |7 0 |8 X |9 455841 |a FDOBUD |b FDOBUD |d 2019-11-22 |i 4965787 |o 726.70983 DON 2006 |p 4965787 |r 2019-11-22 |w 2019-11-22 |y BK_X |k BUD | ||
| 952 | |0 0 |1 0 |4 0 |6 726_709830000000000_DON_2006 |7 0 |8 A |9 455842 |a BIBARQ |b BIBARQ |d 2019-11-22 |i 4975928 |l 3 |o 726.70983 DON 2006 |p 4975928 |r 2025-01-20 |s 2024-03-08 |w 2019-11-22 |y BK |k ARQ | ||